00987nam a2200289Ia 450000500170000000800370001702000180005404100080007208200170008010000290009724501090012625000220023530000250025749000380028250000420032050400410036265000330040365000190043665000280045565000210048365000210050426400490052533600270057433700330060133800280063404000350066220220317001812.0170328s2010 m g 000 0 s a9789681681845 aspa04a320.01bV34r1 aVilloro, Luisd1922-201414aLos retos de la sociedad por venirbensayos sobre justicia, democracia y multiculturalismocLuis Villoro aPrimera edición a226 páginasc21 cm aSección de obras de filosofía aIncluye datos biográficos del autor aIncluye referencias bibliográficas142LEMBaFilosofía política142LEMBaJusticia142LEMBaMulticulturalismo142LEMBaPolítica142LEMBaDemocracia aMéxicobFondo de Cultura Económicac2010 atextobtxt2rdacontent asin mediaciónbn2rdamedia avolumenbnc2rdacarrier aCO-BoRNBPbspaerdacCO-BoRNBP